00749cam a2200229 a 450000100100000000500170001000800410002702000150006804000250008308200240010810000280013224500630016025000110022326000320023430000280026649000290029450400530032365000240037665000480040070000400044883000310048800000548020200929151705.0950621s1997 sp a b 000 p spa  a8437612926 aDO-SdBNPbspacBNPHU a861.64bG491a, 19971 aGimferrer, Pere,d1945-10aArde el mar /cPere Gimferrer ; edición de Jordi Gracia. a2a ed. aMadrid :bCátedra,c1997. a176 p. :bil. ;c18 cm.1 aLetras hispánicasv383 aIncluye referencias bibliográficas (p. 91-98). 4aPoesía española 4aLiteratura españolaxHistoria y crítica1 aGracia García, Jordi,eed.d1965- 0aLetras hispánicas ;v383